000
00501nam a2200181Ia 4500
008
090124s9999 xx 000 0 und d
082
_b
34030
100
_a
निंबकर जाई
245
_a
अर्धुक
250
_a
1
260
_b
देशमुख आणि कंपनी
_c
1994
300
_a
106
600
_a
निंबकर जाई
630
_a
अर्धुक
700
_a
निंबकर जाई
730
_a
अर्धुक
942
_c
BOOK
999
_c
100064
_d
100064